Statistics for Post Malone Songs

Click here to take the quiz!

General Stats

  • This quiz has been taken 13 times
  • The average score is 25 of 59

Answer Stats

AlbumArtist(s)Song% Correct
StoneyPost MaloneWhite Iverson
82%
Hollywood's BleedingPost MaloneCircles
73%
StoneyPost Malone, KehlaniFeel
73%
Hollywood's BleedingPost MaloneHollywood's Bleeding
73%
Beerbongs & BentleysPost Malone, Nicki MinajBall For Me
64%
Beerbongs & BentleysPost MaloneBetter Now
64%
Beerbongs & BentleysPost MaloneCandy Paint
64%
StoneyPost Malone, Justin BieberDeja Vu
64%
StoneyPost MaloneGo Flex
64%
Hollywood's BleedingPost Malone, Young ThugGoodbyes
64%
StoneyPost MaloneI Fall Apart
64%
Beerbongs & BentleysPost Malone, 21 SavageRockstar
64%
Hollywood's BleedingPost MaloneA Thousand Bad Times
55%
Hollywood's BleedingPost Malone, Future, HalseyDie For Me
55%
Hollywood's BleedingPost Malone, DaBabyEnemies
55%
Stoney DeluxePost MaloneFeeling Whitney
55%
Hollywood's BleedingPost Malone, Lil Baby, Meek MillOn The Road
55%
Beerbongs & BentleysPost MaloneOver Now
55%
Beerbongs & BentleysPost Malone, Ty Dolla $ignPsycho
55%
Hollywood's BleedingPost MaloneSaint-Tropez
55%
Beerbongs & BentleysPost MaloneStay
55%
Hollywood's BleedingPost Malone, Swae LeeSunflower
55%
Hollywood's BleedingPost Malone, Ozzy Osbourne, Travis ScottTake What You Want
55%
StoneyPost MaloneToo Young
55%
StoneyPost MaloneBroken Whiskey Glass
45%
Hollywood's BleedingPost MaloneIm Gonna Be
45%
FeatureTiesto, Dzeko, Preme, Post MaloneJackie Chan
45%
Hollywood's BleedingPost Malone, SZAStaring At The Sun
45%
Hollywood's BleedingPost MaloneWow
45%
Hollywood's BleedingPost MaloneAllergic
36%
StoneyPost MaloneBig Lie
36%
Hollywood's BleedingPost MaloneI Know
36%
Hollywood's BleedingPost MaloneInternet
36%
SinglePost MaloneMotley Crew
36%
Hollywood's BleedingPost MaloneMyself
36%
Beerbongs & BentleysPost MaloneParanoid
36%
Beerbongs & BentleysPost MaloneRich & Sad
36%
Beerbongs & BentleysPost Malone, G-Eazy, YGSame Bitches
36%
FeatureTyla Yaweh, Post MaloneTommy Lee
36%
StoneyPost MaloneYours Truly Austin Post
36%
Beerbongs & BentleysPost Malone92 Explorer
27%
Beerbongs & BentleysPost MaloneBlame It On Me
27%
StoneyPost MaloneCold
27%
Beerbongs & BentleysPost MaloneJonestown
27%
Stoney DeluxePost MaloneLeave
27%
Stoney DeluxePost Malone, 2 ChainzMoney Made Me Do It
27%
StoneyPost MaloneNo Option
27%
Beerbongs & BentleysPost MaloneOtherside
27%
StoneyPost MalonePatient
27%
Beerbongs & BentleysPost Malone, Swae LeeSpoil My Night
27%
Beerbongs & BentleysPost MaloneSugar Wraith
27%
Beerbongs & BentleysPost MaloneTakin Shots
27%
StoneyPost MaloneUp There
27%
Beerbongs & BentleysPost MaloneZack And Codeine
27%
FeatureDJ Khaled, Travis Scott, Post MaloneCelebrate
18%
Stoney DeluxePost MaloneHit This Hard
18%
FeatureMigos, Post MaloneNotice Me
18%
StoneyPost Malone, QuavoGongratulations
9%
FeatureSaweetie, Post Malone, DaBaby, Jack HarlowTap In Remix
0%

Score Distribution

Percentile by Number Answered

Percent of People with Each Score

Your Score History

You have not taken this quiz